<?xml version="1.0" encoding="UTF-8"?>
<record
    xmlns:xsi="http://www.w3.org/2001/XMLSchema-instance"
    xsi:schemaLocation="http://www.loc.gov/MARC21/slim http://www.loc.gov/standards/marcxml/schema/MARC21slim.xsd"
    xmlns="http://www.loc.gov/MARC21/slim">

  <leader>00885nam a22002295i 4500</leader>
  <controlfield tag="001">C00067219c</controlfield>
  <controlfield tag="005">20241029151238.0</controlfield>
  <controlfield tag="008">070917s1913    xxkf          ||| | eng d</controlfield>
  <datafield tag="035" ind1=" " ind2=" ">
    <subfield code="a">CCPB000912436-5</subfield>
  </datafield>
  <datafield tag="040" ind1=" " ind2=" ">
    <subfield code="a">CCPB-B </subfield>
    <subfield code="b">spa </subfield>
    <subfield code="c">CCPB-B </subfield>
    <subfield code="e">rdc</subfield>
  </datafield>
  <datafield tag="100" ind1="1" ind2=" ">
    <subfield code="a">Arnold, Hugh.</subfield>
    <subfield code="9">45638</subfield>
  </datafield>
  <datafield tag="245" ind1="1" ind2="0">
    <subfield code="a">Stained glass of the middle ages in England and France / </subfield>
    <subfield code="c">painted by Lawrence B. Saint ; described by Hugh Arnold.</subfield>
  </datafield>
  <datafield tag="260" ind1=" " ind2=" ">
    <subfield code="a">London : </subfield>
    <subfield code="b">Adam and Charles Black, </subfield>
    <subfield code="c">1913.</subfield>
  </datafield>
  <datafield tag="300" ind1=" " ind2=" ">
    <subfield code="a">269 p., L h. de grab. ; </subfield>
    <subfield code="c">24 cm.</subfield>
  </datafield>
  <datafield tag="650" ind1=" " ind2="4">
    <subfield code="a">Vidrieras-</subfield>
    <subfield code="z">Inglaterra-</subfield>
    <subfield code="y">Edad media.</subfield>
    <subfield code="9">102746</subfield>
  </datafield>
  <datafield tag="650" ind1=" " ind2="4">
    <subfield code="a">Vidrieras-</subfield>
    <subfield code="z">Francia-</subfield>
    <subfield code="y">Edad media.</subfield>
    <subfield code="9">99516</subfield>
  </datafield>
  <datafield tag="700" ind1="1" ind2=" ">
    <subfield code="a">Saint, Lawrence B., </subfield>
    <subfield code="e">il.</subfield>
    <subfield code="9">102747</subfield>
  </datafield>
  <datafield tag="752" ind1=" " ind2=" ">
    <subfield code="a">Gran Breta&#xF1;a - </subfield>
    <subfield code="d">Londres</subfield>
  </datafield>
  <datafield tag="852" ind1=" " ind2=" ">
    <subfield code="a">M-RABA,     </subfield>
    <subfield code="j">L-252 --     </subfield>
    <subfield code="9">R.23449 --     </subfield>
    <subfield code="z">Anotaci&#xF3;n manuscrita en la portada: "R. Stolz Viciano"</subfield>
  </datafield>
  <datafield tag="952" ind1=" " ind2=" ">
    <subfield code="0">0</subfield>
    <subfield code="1">0</subfield>
    <subfield code="4">0</subfield>
    <subfield code="7">0</subfield>
    <subfield code="8">NOR</subfield>
    <subfield code="a">RABASF</subfield>
    <subfield code="b">RABASF</subfield>
    <subfield code="c">DP1</subfield>
    <subfield code="d">2020-03-16</subfield>
    <subfield code="l">0</subfield>
    <subfield code="o">L-252</subfield>
    <subfield code="p">1071702</subfield>
    <subfield code="r">2024-10-15 09:53:14</subfield>
    <subfield code="w">2024-10-15</subfield>
    <subfield code="y">FONDOMODER</subfield>
    <subfield code="z">Sello: Donaci&#xF3;n Heredera R. Stolz Viciano. Encuadernaci&#xF3;n en carton&#xE9;.</subfield>
  </datafield>
  <datafield tag="999" ind1=" " ind2=" ">
    <subfield code="c">63680</subfield>
    <subfield code="d">63680</subfield>
  </datafield>
</record>
